| 000 | 01311nam a2200349 a 4500 | ||
|---|---|---|---|
| 001 | 000109394 | ||
| 003 | CHAP | ||
| 005 | 20220329144049.0 | ||
| 008 | 140424s2013 mx a sm |||||||spa d | ||
| 010 | _a105856 | ||
| 011 | _a106828 | ||
| 040 | _cCHAP | ||
| 090 | _aTesis | ||
| 100 | 1 |
_aVega Portillo, Hans Errol _9126577 |
|
| 245 | 0 |
_aEspecies de Fusarium spp. causantes de la espiga blanca y pudrición de la raíz de trigo (Triticum aestivum L.) en el Bajío, México _h[en linea] _cpor Hans Errol Vega Portillo. |
|
| 260 |
_aChapingo, Méx. : _bEl autor, _c2013. |
||
| 500 | _aPara ver el contenido del material haga clic en la liga | ||
| 502 | _aTesis (M.C. en Protección Vegetal) -- UACH. Departamento de Parasitología Agrícola | ||
| 590 |
_aBATCH-UPD _b05 _c20141002 _lUCH01 _h0901 |
||
| 590 |
_aE5652GLJ _b05 _c20140424 _lUCH01 _h0956 |
||
| 590 |
_aE5652GLJ _b05 _c20140424 _lUCH01 _h1129 |
||
| 590 |
_aE5652GLJ _b05 _c20140424 _lUCH01 _h1129 |
||
| 590 |
_aE5652GLJ _b05 _c20140424 _lUCH01 _h1141 |
||
| 590 |
_aE5652GLJ _b05 _c20140424 _lUCH01 _h1142 |
||
| 650 | 1 | 4 |
_aFusarium. _944082 |
| 650 | 1 | 4 |
_aTrigo _xInoculación. _9115045 |
| 650 | 1 | 4 |
_aTrigo _xVariedades. _9115119 |
| 856 |
_aFinding aid _uhttp://10.13.5.2/tesis/sist109394.pdf _zTeclea aquí |
||
| 901 | _aBK | ||
| 942 | _cTESIS | ||
| 942 | _n0 | ||
| 999 |
_c105856 _d105856 |
||